Vidal i Barraquer, el cardenal de la paz / (Record no. 109722)

MARC details
000 -LEADER
campo de control de longitud fija 00919nam a2200265 i 4500
001 - NÚMERO DE CONTROL
campo de control 109722
003 - IDENTIFICADOR DE NÚMERO DE CONTROL
campo de control ES-MaACL
005 - FECHA Y HORA DE LA ÚLTIMA TRANSACCIÓN
campo de control 20251010161546.0
007 - CAMPO FIJO DE DESCRIPCIÓN FÍSICA--INFORMACIÓN GENERAL
campo de control de longitud fija t|
008 - DATOS DE LONGITUD FIJA--INFORMACIÓN GENERAL
campo de control de longitud fija 061121s1971 sp r ||||1| spa d
080 ## - NÚMERO DE LA CLASIFICACIÓN DECIMAL UNIVERSAL
Número de la Clasificación Decimal Universal 929 Vidal y Barraquer, Francisco de Asís, cardenal
080 ## - NÚMERO DE LA CLASIFICACIÓN DECIMAL UNIVERSAL
Número de la Clasificación Decimal Universal 32(460)"1923/39"
100 1# - ENTRADA PRINCIPAL--NOMBRE DE PERSONA
Nombre de persona Muntanyola, Ramón.
9 (RLIN) 84243
245 10 - MENCIÓN DEL TÍTULO
Título Vidal i Barraquer, el cardenal de la paz /
Mención de responsabilidad, etc. Ramón Muntanyola ; versión castellana y adaptación de Víctor Manuel Arbeloa.
250 ## - MENCION DE EDICION
Mención de edición 1ª ed.
260 ## - PUBLICACIÓN, DISTRIBUCIÓN, ETC.
Lugar de publicación, distribución, etc. Barcelona :
Nombre del editor, distribuidor, etc. Estala,
Fecha de publicación, distribución, etc. 1971.
300 ## - DESCRIPCIÓN FÍSICA
Extensión 514 p., 8 lám. ;
Dimensiones 20 cm.
490 1# - MENCIÓN DE SERIE
Mención de serie Cristianismo y tiempo
600 14 - PUNTO DE ACCESO ADICIONAL DE MATERIA--NOMBRE DE PERSONA
Nombre de persona Vidal i Barraquer, Francesc,
Fechas asociadas al nombre 1868-1943
9 (RLIN) 175693
651 #4 - PUNTO DE ACCESO ADICIONAL DE MATERIA--NOMBRE GEOGRÁFICO
Nombre geográfico España-
Subdivisión general Historia-
Subdivisión cronológica 1902-1931, Alfonso XIII
9 (RLIN) 8276
700 1# - ENTRADA AGREGADA--NOMBRE PERSONAL
Nombre de persona Arbeloa, Víctor Manuel.
9 (RLIN) 22388
830 1# - PUNTO DE ACCESO ADICIONAL DE SERIE-TÍTULO UNIFORME
Título uniforme Cristianismo y tiempo
9 (RLIN) 181569
852 4# - LOCALIZACIÓN
Ubicación ES-MaACL
Número de control de estantería C-49501
Holdings
Estatus retirado Estado de pérdida Estado de daño No para préstamo Biblioteca de origen Biblioteca actual Ubicación en estantería Fecha de adquisición Fuente de adquisición Total de préstamos Signatura topográfica completa Código de barras Visto por última vez Precio de reemplazo Tipo de ítem Koha
        Biblioteca del Ateneo de Madrid Biblioteca del Ateneo de Madrid Depósito 2 17/01/2008     C-49501 1114481 23/02/2023 23/02/2023 Libro impreso